European Challenge: Top 4 Countries Quiz Stats

 Plays Quiz Updated Dec 24, 2016

Support Sporcle.
Go Orange.
Score 0/36 Timer 03:00
2 Plays Today
Hint Answer % Correct
Most Internet UsersFrance
98.8%
Most PopulousGermany
98.3%
Most Internet UsersGermany
98.3%
Most PopulousFrance
97.8%
Most Internet UsersUnited Kingdom
97.8%
Most AirportsGermany
97.8%
Largest AreaRussia
97.5%
Most PopulousRussia
97.4%
Least Densely PopulatedRussia
97.4%
Most Internet UsersRussia
97.4%
Most AirportsRussia
96.5%
Most AirportsUnited Kingdom
96.5%
Largest AreaFrance
95.7%
Most AirportsFrance
95.5%
Visited by the Most TouristsFrance
94.1%
Visited by the Most TouristsSpain
93.1%
Smallest AreaVatican City
90.6%
Visited by the Most TouristsItaly
90.3%
Hint Answer % Correct
Least Densely PopulatedNorway
89.5%
Highest GDP per CapitaNorway
88%
Highest GDP per CapitaMonaco
86.8%
Smallest AreaMonaco
85.9%
Largest AreaDenmark
83.2%
Least Densely PopulatedDenmark
83.2%
Largest AreaTurkey
82%
Most PopulousTurkey
82%
Visited by the Most TouristsTurkey
81.2%
Highest GDP per CapitaLuxembourg
80.9%
Smallest AreaSan Marino
80%
Highest % of GDP to EducationDenmark
79.9%
Smallest AreaLiechtenstein
76.9%
Highest GDP per CapitaLiechtenstein
75.4%
Least Densely PopulatedIceland
70.8%
Highest % of GDP to EducationIceland
69.8%
Highest % of GDP to EducationCyprus
44.6%
Highest % of GDP to EducationMoldova
33.3%

You're not logged in!

Compare scores with friends on all Sporcle quizzes.
OR
Log In
Forgot?

From the Vault

Cast of Harry Potter

by Derek

The first five Harry Potter films have been a box office juggernaut. Other than the previously unknown main characters, the rest of the cast is a veritable who's who of British actors and actresses.
Remove Ads.
Support Sporcle.
Get the best of Sporcle when you Go Orange. This ad-free experience offers more features, more stats, and more fun while also helping to support Sporcle. Thank you for becoming a member.

Show Comments

Extras

Top Quizzes Today


Score Distribution

Your Account Isn't Verified!

In order to create a playlist on Sporcle, you need to verify the email address you used during registration. Go to your Sporcle Settings to finish the process.

Report this User

Report this user for behavior that violates our Community Guidelines.

Details: